00441cam a2200157ua 45000010005000000080039000050400009000440820013000531000029000662450065000952500009001602600038001693000017002076530021002246530038002453442111105n ii |||gr||||Z||||||asm cMAIN a491.4515 aSharma, Mukunda Madhava,11aAsamiya la Baroh asamiya hikai kicby Mukunda Madhava Sharma a1st. aJorhat:bAssam sahitya sabha,965. a107p:c23cm. aAssamese Grammar aAsamiya la Baroh asamiya hikai ki